| 000 | 00000nam##2200000za#4500 |
| 001 | 9.633009 |
| 003 | CaOODSP |
| 005 | 20210624215122 |
| 007 | cr ||||||||||| |
| 008 | 150407|1997||||xxc|||||o f|0| 0 fre|d |
| 040 | |aCaOODSP|bfre |
| 043 | |an-cn--- |
| 086 | 1 |aSW21-141/1997F-PDF |
| 110 | 1 |aCanada. |bCondition féminine Canada. |
| 245 | 10|aLes femmes et l'économie : |h[ressource électronique]|benjeux de la recherche stratégique à long terme / |c[par] Monica Townson |
| 260 | |aOttawa - Ontario : |bCondition féminine Canada |c1997. |
| 300 | |a12p. |
| 590 | |a06-10-Supp|b2006-12-15 |
| 691 | 07|aConditions économiques|2gcpds |
| 691 | 07|aFemme|2gcpds |
| 691 | 07|aRecherche économique|2gcpds |
| 720 | 1 |aTownson, Monica |
| 775 | 08|tWomen and the economy : |w(CaOODSP)9.688586 |
| 856 | 40|ahttp://publications.gc.ca|qPDF|s149 Ko|uhttps://publications.gc.ca/collections/Collection/SW21-141-1997F.pdf |